000 00359 a2200157 4500
001 47352
020 _a9788574882161 (enc.)
040 _cAnchieta - Aquarius
100 _aGalli, Ana Queila
240 1 0 _aTurma da Mônica
_lpor
245 1 0 _aTurma da Mônica
300 _a120p.
362 0 _a2011
650 4 _aLiteratura infanto-juvenil
942 _cBK
999 _c47352
_d47352